Théorie des groupes de Lie

Saved in:
Bibliographic Details
Main Author: Chevalley, Claude (Author)
Format: Book
Language:French
Published: París Hermann 1968
Subjects:
Tags: Add Tag
No Tags, Be the first to tag this record!

MARC

LEADER 00000nam a2200000 a 4500
001 UCQ8336
003 CL-VaPUC
008 981209e19680000FR |||||||||||||||||fre|d
082 0 4 |a 512.55  |b CHE  |2 21 
100 0 |a Chevalley, Claude  |e author  |9 422271 
245 1 0 |a Théorie des groupes de Lie 
300 |a 418 p 
942 |c BK 
945 |d 19981209 00:00:00  |a crobeson 
260 |a París  |b Hermann  |c 1968 
650 0 |a Grupos de Lie   |9 271231 
650 0 |a Grupos algebraicos   |9 422272 
583 |a last modification  |c 19981209 00:00:00  |k Rodrigo Vera 
999 |c 277621  |d 277619 
952 |0 0  |1 0  |4 0  |6 512_550000000000000_CHE_1968  |7 0  |8 A  |9 315656  |a BIBMAT  |b BIBMAT  |d 2019-11-20  |i 1301357  |o 512.55 CHE 1968  |p 1301357  |r 2025-01-07  |w 2019-11-20  |y BK  |k MAT